| 000 | 00668nam a2200181 a 4500 | ||
|---|---|---|---|
| 008 | 120416s1982 ||||||||||||||||| || u | ||
| 020 | _a0070386765 | ||
| 050 | _aPN 147 MAC | ||
| 100 | _aLongyear, Marie | ||
| 245 | 1 | 4 |
_aThe McGraw-Hill style manual : a concise guide for writers and editors _cedited by Marie Longyear |
| 246 | _aa concise guide for writers and editors | ||
| 260 |
_aNew York _bMcGraw-Hill _c1982 |
||
| 300 | _axiii, 333p. : ill. | ||
| 350 | _a0.00 | ||
| 650 | _aTEXTBOOKS | ||
| 710 | _aMcGraw-Hill Book Company | ||
| 995 |
_D0.00 _FCBU-MAIN LIBRARY (Kitwe) _H1 _I15.50 _M1 _UREFERENCE _ZReference Collection |
||
| 999 |
_c50793 _d50793 |
||